Under the banyan tree & other stories / (Record no. 180014)

MARC details
000 -LEADER
fixed length control field 00624nam a22001937a 4500
005 - DATE AND TIME OF LATEST TRANSACTION
control field 20210720161043.0
010 ## - LCCN (DPL NO)
LC control number B-740635
020 ## - INTERNATIONAL STANDARD BOOK NUMBER
Terms of availability 145.00
International Standard Book Number 9788185986142
035 ## - SYSTEM CONTROL NUMBER
System control number B-740635
037 ## - SOURCE OF ACQUISITION
Source of stock number/acquisition Gift
082 14 - DEWEY DECIMAL CLASSIFICATION NUMBER
Classification number S
100 ## - MAIN ENTRY--PERSONAL NAME
Personal name Narayan, R.K.
245 ## - TITLE STATEMENT
Title Under the banyan tree & other stories /
Statement of responsibility, etc by R.K. Narayan
260 ## - PUBLICATION, DISTRIBUTION, ETC. (IMPRINT)
Place of publication, distribution, etc Chennai
Name of publisher, distributor, etc Indian Thought Publications
Date of publication, distribution, etc 2015(Rep.)
270 ## - ADDRESS
Address New No. 38, Thanikachalam Road, T. Nagar
City Chennai
Postal code 600017
300 ## - PHYSICAL DESCRIPTION
Extent ix, 193p.
Dimensions 21cm(pbk)
942 ## - ADDED ENTRY ELEMENTS (KOHA)
Institution code [OBSOLETE] dpl
Item type English Books
Source of classification or shelving scheme Dewey Decimal Classification
Classification part S
Call number suffix NAR
Holdings
Withdrawn status Lost status Not for loan Collection code Home library Current library Date acquired Source of acquisition Cost, normal purchase price Full call number Barcode Copy number Cost, replacement price Koha item type Public note
      Non-fiction Central Library Central Library 20/07/2021 Gift/Eng/07-07-2021 145.00 S NAR B-740635 1 145.00 English Books Gift

© Delhi Public Library
Hit Counter
free hit counter